000 01594cam a22004694i 4500
003 PE-LiUPU
005 20250731165506.0
008 150623s r 000 0 d
035 _a(Sirsi) a23121
035 _a(Sirsi) a23121
040 _aPE-LiUPU
_bspa
_cPE-LiUPU
_erda
082 0 4 _a930.103d
_bO62PG RC
_221
245 0 4 _aThe oxford companion to archaeology /
_cEditado por Fagan Brian M.
264 1 _aNew York, NY :
_bOxford University Press,
_c1996.
300 _a844 páginas :
_bilustraciones mapas ;
_c25 cm.
336 _atext
_2rdacontent
337 _aunmediated
_2rdamedia
338 _avolume
_2rdacarrier
505 0 _aThe oxford companion to archaeology.
526 _aSEG44
526 _aSEG26
526 _aP151
526 _aP150
526 _aP149
526 _aP146
526 _aP145
526 _aP126
526 _aP125
526 _aP92
526 _aP75
526 _aP74
526 _aP27
526 _aP15
650 0 4 _aArqueología
_vDiccionarios.
700 1 _aBrian M. Fagan,
_eed.
942 _2ddc
_cBOOK
949 _a930.103D O62 PG RC
_wDEWEY
_c1
_i47215
_lRC
_mBUL
_r0
_sY
_tBOOK
_u2015-6-24
_xTEOLOGIA
_PP35
_0COMPRA
_o.CIRCNOTE. No olvidar cambiar la fecha de devolución!!!!!!!
_o.STAFF. Colección General
994 _aC0
_bPEPRU
596 _a1
999 _a930.103D O62 PG RC
_wDEWEY
_c23764
_i47215
_f2021-11-8
_g5
_lRCG
_mBUL
_r1
_sY
_tBOOK
_u2015-6-24
_xBIBLIOTECA
_PP35
_0COMPRA
_o.CIRCNOTE. No olvidar cambiar la fecha de devolución!!!!!!!
_o.STAFF. Colección General
_d23764
980 _81
_gALBERTO SANCHEZ Responsable de Automatización